000 00322nam a2200109Ia 4500
008 200302s9999 xx 000 0 und d
100 _aForrest Wilson A. I. A.
245 _aEmerging Form in Architecture : Conversations With Lev Zetlin
260 _bA Division of Cahners Publishing Co.
260 _c1975
300 _a222 P.,
999 _c2295
_d2295